Managing behavior in organizations

Gespeichert in:
Bibliographische Detailangaben
1. Verfasser:  Greenberg, Jerald
Format: Sách
Sprache:Undetermined
Veröffentlicht:  Pearson  2013
Schlagworte:
Tags: Tag hinzufügen
Keine Tags, Fügen Sie den ersten Tag hinzu!
Thư viện lưu trữ: Trung tâm Thư viện - Trường Đại học Công nghiệp TP. Hồ Chí Minh
LEADER 00505nam a2200157Ia 4500
001 UIH_06060
008 231011s9999 xx 000 0 und d
082 |a  658.3 
100 |a  Greenberg, Jerald 
245 0 |a  Managing behavior in organizations 
245 0 |c  Greenberg, Jerald 
260 |b  Pearson 
260 |c  2013 
650 |a  Hành vi tổ chức; Organizations behavior;  
927 |a Sách 
980 |a Trung tâm Thư viện - Trường Đại học Công nghiệp TP. Hồ Chí Minh